| 000 | 01961nam0a2200373 4500 | ||
|---|---|---|---|
| 001 | RU\NLR\BIBL_A\012729864 | ||
| 005 | 20260407181058.0 | ||
| 035 | _a(NLR Aleph) 012729864 | ||
| 090 |
_a12968348 _c12968348 |
||
| 100 | _a20210916d1904 |||y0rusy50 ca | ||
| 101 | 0 | _arus | |
| 102 | _aRU | ||
| 105 | _ay z 000yy | ||
| 181 | 0 |
_ai _baxxe |
|
| 182 | 0 | _an | |
| 200 | 1 |
_aО направлении Оренбург-Ташкентской железной дороги на участке Сары-Чаганак-Джулек _fГосударственный Совет в Департаменте Государственной Экономии. Министерство Путей Сообщения. 20 мая 1904 года. № 195 |
|
| 203 |
_aТекст _bвизуальный _cнепосредственный |
||
| 210 |
_a[Санкт-Петербург _cб. и.] _d1904 |
||
| 215 |
_a11 с. _d34 |
||
| 300 | _aНа 1-й, 5-й... с.: DCCXLIX | ||
| 309 | _aБез тит. л. и обл. | ||
| 601 | 0 | 2 |
_aОренбург-Ташкентская железная дорога _jДокументы и материалы _92516635 _3RU\NLR\AUTH\6601706252 |
| 601 | 0 | 2 |
_aРоссия _bДепартамент государственной экономии _jДокументы и материалы _92388205 _3RU\NLR\AUTH\6601644949 |
| 686 | 3 | _aУ37(28)2,011 | |
| 686 | 3 | _aУ03(2)53-212.11,011 | |
| 711 | 0 | 2 |
_aОренбург-Ташкентская железная дорога _3RU\NLR\AUTH\8810115677 _9730635 |
| 711 | 0 | 1 |
_aРоссия _bМинистерство путей сообщения _3RU\NLR\AUTH\889944524 _9384225 |
| 712 | 0 | 1 |
_4570 _aРоссия _bДепартамент государственной экономии _3RU\NLR\AUTH\889933514 _9362122 |
| 852 |
_aNLR _j135/294-371 (6) |
||
| 942 | _cBOOK | ||
| 980 | _aNB | ||